000 00686cam a22002413a 4500
001 13370
003 PGUSA
005 20140828083304.0
008 040903s2004||||xxu|||||s|||||000 | eng d
040 _aPGUSA
_beng
042 _adc
050 4 _aQH
100 1 _aPrice, George McCready,
_d1870-1963
245 1 0 _aQ. E. D., or New Light on the Doctrine of Creation
_h[electronic resource] /
_cGeorge McCready Price
260 _bProject Gutenberg,
_c2004
506 _aPublic domain in the USA.
516 _aElectronic text
653 _aEvolution
653 _aCreation
830 0 _aProject Gutenberg
_v13370
856 4 0 _uhttp://www.gutenberg.org/ebooks/13370
942 _cEB
999 _c242625
_d242625